Przyporządkuj powiat województwa lubelskiego do rejestracji - Statystyki

Ogólne statystyki
  • Ten quiz został rozwiązany 21 razy
  • Średni wynik to 19 z 24
Odpowiedzi na mapie
Odpowiedzi zakodowano w zielono-czerwonej skali na mapie do tego quizu, zgodnie z poniższymi procentami.
 
Statystyki odpowiedzi
Odpowiedź % Poprawnych
LCH
90%
LUB
90%
LZ
90%
LZA
90%
LB
86%
LC
86%
LHR
86%
LTM
86%
LU
86%
LWL
86%
LBL
81%
LSW
81%
LBI
76%
LKS
76%
LLB
76%
LLE
76%
LPA
76%
LPU
76%
LJA
71%
LOP
71%
LRA
71%
LRY
67%
LKR
62%
LLU
57%
Nie znaleziono quizów pasujących do podanych kryteriów
Rozkład punktacji
Procent ludzi z każdym wynikiem
Percentyl według liczby udzielonych odpowiedzi
Twoja historia wyników
Nie rozwiązałeś tego quizu